[Event "IECC O-3228"]
[Site "IECC email"]
[Date "2010.09.27"]
[Round "?"]
[White "Kellaway, Ted"]
[Black "Harrison, Judith Anne"]
[Result "1-0"]
[WhiteElo "1292"]
[BlackElo "1100"]
[PlyCount "99"]
[EventDate "2010.??.??"]
[EventType "swiss (corr)"]
[EventRounds "2"]
[SourceTitle "Telechess CBM 149"]
[Source "ChessBase"]
[SourceDate "2012.07.17"]
[SourceVersion "1"]
[SourceVersionDate "2012.07.17"]
[SourceQuality "1"]
[WhiteTeam "South Africa"]
[BlackTeam "South Africa"]
[WhiteTeamCountry "RSA"]
[BlackTeamCountry "RSA"]

1. e4 e5 2. Nf3 d6 3. Bc4 Nc6 4. h3 Be6 5. Bxe6 fxe6 6. 0-0 Nf6 7. Nc3 d5 8. Ng5 Qd7 9. d3 Bc5 10. Na4 Bd6 11. a3 0-0 12. Nc3 a6 13. Bd2 Nd4 14. Be3 Bc5 15. Kh1 b5 16. b4 Bb6 17. Rb1 a5 18. a4 c6 19. axb5 cxb5 20. bxa5 Bxa5 21. Bxd4 exd4 22. Nxb5 e5 23. exd5 Nxd5 24. Qh5 Nf6 25. Qe2 Rfe8 26. Ne4 Rf8 27. Nxf6+ gxf6 28. Rb3 Rab8 29. Rfb1 Rbc8 30. Ra3 Ra8 31. c3 Rf7 32. Qa2 Qd8 33. Ra1 Kg7 34. Rxa5 Qxa5 35. Qxa5 Rxa5 36. Rxa5 dxc3 37. Nxc3 Rc7 38. Nd5 Rc2 39. f4 Rc6 40. Ra7+ Kh6 41. fxe5 fxe5 42. g3 Rc1+ 43. Kg2 Rd1 44. Nb4 e4 45. dxe4 Rd4 46. Nd5 Rxe4 47. Nf6 Re2+ 48. Kf3 Rh2 49. Ng4+ Kg6 50. Nxh2 1-0